00629nam a2200217Ia 450000500170000000800410001702000250005804000190008304100120010208200210011410000140013524500610014926000370021030000100024744000360025750400390029363000220033265000240035465100230037885000100040120230321095328.0131103s9999 xx 000 0 und d a8126025018cRs.25.00 aLoreto College aEnglish a891.441bDUT-RAY aRoy,Aloke aSatyandranath Duttaca monograph in Bengali by Aloke Roy aNew delhibSahitya akademic2007 a86p.  aBharatiya sahityakar pustakmala aInclude bibliographical references aPoetry in Bengali aDutt, Satyendranath aBengali-literature aLCLIB